Geography Quiz

Random Geography or State Quiz

Interstate 20 Counties Quiz Stats

 Plays Quiz not verified by Sporcle

Score 0/67 Timer 17:00
0 Plays Today
State County/Parish % Correct
TXDallas County
95.4%
TXTarrant County
93.8%
TXMidland County
89.2%
TXSmith County
89.2%
ALJefferson County
89.2%
GAFulton County
89.2%
TXEctor County
87.7%
TXHoward County
87.7%
TXPalo Pinto County
87.7%
TXParker County
87.7%
LABossier Parish
87.7%
TXReeves County
86.2%
TXCrane County
86.2%
TXMartin County
86.2%
TXNolan County
86.2%
TXTaylor County
86.2%
TXVan Zandt County
86.2%
TXGregg County
86.2%
LARichland Paris
86.2%
LAMadison Parish
86.2%
GACobb County
86.2%
SCRichland County
86.2%
TXMitchell County
84.6%
TXErath County
84.6%
TXKaufman County
84.6%
ALGreene County
84.6%
ALTuscaloosa County
84.6%
GAGreene County
84.6%
TXWard County
83.1%
TXEastland County
83.1%
LACaddo Parish
83.1%
LAWebster Parish
83.1%
LALincoln Parish
83.1%
GADeKalb County
83.1%
State County/Parish % Correct
GAColumbia County
83.1%
GARichmond County
83.1%
SCFlorence County
83.1%
TXCallahan County
81.5%
GACarroll County
81.5%
SCAiken County
81.5%
LABienville Parish
80%
MSRankin County
80%
ALSumter County
80%
ALSt Clair County
80%
ALTalladega County
80%
ALCalhoun County
80%
GADouglas County
80%
GARockdale County
80%
GANewton County
80%
GAMcDuffie County
80%
MSHinds County
78.5%
ALCleburne County
78.5%
GAHaralson County
78.5%
GATaliaferro County
76.9%
GAWalton County
75.4%
GAMorgan County
75.4%
SCLee County
75.4%
TXHarrison County
73.8%
MSWarren County
73.8%
GAWarren County
73.8%
SCLexington County
73.8%
SCDarlington County
73.8%
SCKershaw County
70.8%
LAOachita Parish
66.2%
MSScott County
60%
MSLauderdale County
60%
MSNewton County
58.5%

You're not logged in!

Compare scores with friends on all Sporcle quizzes.
OR
Log In

Sporcle TV

Today on Sporcle TV


Watch our educational content, quiz creation guides, and fun videos on Sporcle TV.

Show Comments

Extras

Created Aug 27, 2017ReportNominate
Tags:State Quiz, County, parish

Top Quizzes Today


Score Distribution

Your Account Isn't Verified!

In order to create a playlist on Sporcle, you need to verify the email address you used during registration. Go to your Sporcle Settings to finish the process.

Report this User

Report this user for behavior that violates our Community Guidelines.

Details: